5HLuxD.jpg

KING HENRY VIII SENIOR AND PRIMARY SCHOOL LIBRARY OPAC

TIARA FRIENDS (Record no. 4524)

000 -LEADER
fixed length control field 00384nam a22001217a 4500
008 - FIXED-LENGTH DATA ELEMENTS--GENERAL INFORMATION
fixed length control field 250227b ||||| |||| 00| 0 eng d
020 ## - INTERNATIONAL STANDARD BOOK NUMBER
International Standard Book Number 9781407170800
082 ## - DEWEY DECIMAL CLASSIFICATION NUMBER
Classification number 823.92 HAR
100 ## - MAIN ENTRY--PERSONAL NAME
Personal name HARRISON,PAULA
Relator term AUTHOR
245 ## - TITLE STATEMENT
Title TIARA FRIENDS
Remainder of title THE HUNT FOR HIDDEN TREASURE
260 ## - PUBLICATION, DISTRIBUTION, ETC.
Place of publication, distribution, etc. EUSTON HOUSE,24 EVERSHOLT STREET,LONDON,NW1 1DB,UK
Name of publisher, distributor, etc. SCHOLASTIC CHILDREN'S BOOKS
Date of publication, distribution, etc. 2017
942 ## - ADDED ENTRY ELEMENTS (KOHA)
Source of classification or shelving scheme
Holdings
Withdrawn status Lost status Source of classification or shelving scheme Damaged status Not for loan Collection code Permanent Location Current Location Shelving location Date acquired Total Checkouts Full call number Barcode Date last seen Date last checked out Price effective from Koha item type Public note
          Fiction KH8 Primary School Library KH8 Primary School Library Fiction 2025-02-27 2 823.92 HAR KHPL000006310 2025-12-05 2025-11-07 2025-02-27 Books - Fiction KH8 PRIMARY LIBRARY
          Fiction KH8 Primary School Library KH8 Primary School Library Fiction 2025-02-27   823.92 HAR KHPL000006311 2025-12-05   2025-02-27 Books - Fiction KH8 PRIMARY LIBRARY

Powered By KH8 IT Dept